<?xml version="1.0" encoding="UTF-8"?>
<collection xmlns="http://www.loc.gov/MARC21/slim">
  <record>
    <leader>00000nam  2200000   4500</leader>
    <controlfield tag="001">INLIS000000000015515</controlfield>
    <controlfield tag="005">20230413012202</controlfield>
    <datafield tag="035" ind1="#" ind2="#">
      <subfield code="a">0010-0423000035</subfield>
    </datafield>
    <controlfield tag="007">ta</controlfield>
    <controlfield tag="008">230413################g##########0#ind##</controlfield>
    <datafield tag="082" ind1="#" ind2="#">
      <subfield code="a">343.096 2</subfield>
    </datafield>
    <datafield tag="084" ind1="#" ind2="#">
      <subfield code="a">343.096 2 PEN</subfield>
    </datafield>
    <datafield tag="245" ind1="#" ind2="#">
      <subfield code="a">Penelitian tentang tanggung jawab terbatas sebagai sarana perlindungan bagi penyedia jasa dan pengguna jasa dalam pengangkutan laut di Indonesia /</subfield>
      <subfield code="c">Badan Pembinaan Hukum Nasional Departemen Kehakiman dan Hak Asasi Manusia</subfield>
    </datafield>
    <datafield tag="260" ind1="#" ind2="#">
      <subfield code="a">2000 :</subfield>
      <subfield code="b">Badan Pembinaan Hukum Nasional Departemen Kehakiman dan Hak Asasi Manusia,</subfield>
      <subfield code="c">2000</subfield>
    </datafield>
    <datafield tag="300" ind1="#" ind2="#">
      <subfield code="a">ix, 97 hal. ;</subfield>
      <subfield code="c">21 cm</subfield>
    </datafield>
    <datafield tag="600" ind1="#" ind2="4">
      <subfield code="a">transportasi laut</subfield>
    </datafield>
    <datafield tag="856" ind1="#" ind2="#">
      <subfield code="a">Perpustakaan LAN</subfield>
    </datafield>
    <datafield tag="990" ind1="#" ind2="#">
      <subfield code="a">03087785</subfield>
    </datafield>
  </record>
</collection>
